000 00423nam a2200157Ia 4500
008 210210b1989 xxu||||| |||| 00| 0 eng d
020 _a81 204 0401 7
082 _a539.7 WAGI
100 _aWAGHMARE (Yeshwant R).
245 _aIntroductory nuclear physics.
260 _aN D
_bOxford & IBH Publishing Co Pvt Ltd.,
_c1989
300 _axiv,353
650 _aNuclear Physics
690 _aAtomic Physics
906 _a043648
999 _c93184
_d93184